El cántico espiritual

Salvato in:
Dettagli Bibliografici
Autore principale: San Juan de la Cruz (Autore)
Natura: Libro
Lingua:spagnolo
Pubblicazione: Madrid Espasa-Calpe 1952
Soggetti:
Tags: Aggiungi Tag
Nessun Tag, puoi essere il primo ad aggiungerne!!

MARC

LEADER 00000nam a2200000 a 4500
001 UCQ1336
003 CL-VaPUC
008 980709e19520000SP |||||||||||||||||spa|d
082 0 4 |a 861  |b JUA  |2 21 
100 0 |a San Juan de la Cruz  |e author  |9 317648 
245 1 3 |a El cántico espiritual 
300 |a 303 p 
942 |c BK 
945 |d 19980709 00:00:00  |a lriquelm 
260 |a Madrid  |b Espasa-Calpe  |c 1952 
650 0 |a Poesías españolas  |9 265100 
650 0 |a Literatura española  |9 306261 
583 |a last modification  |c 19980709 00:00:00  |k Rodrigo Vera 
999 |c 272336  |d 272334 
952 |0 0  |1 0  |4 0  |6 861_000000000000000_JUA_1952  |7 0  |8 A  |9 307236  |a BIBEDU  |b BIBEDU  |d 2019-11-20  |i 1434551  |l 1  |o 861 JUA 1952  |p 1434551  |r 2023-05-11  |s 2023-05-09  |w 2019-11-20  |y BK  |k LIT